ठहरी कुछ बूँदें : (Record no. 113003)

MARC details
000 -LEADER
fixed length control field 01051nam a22002537a 4500
005 - DATE AND TIME OF LATEST TRANSACTION
control field 20170124102947.0
010 ## - LIBRARY OF CONGRESS CONTROL NUMBER
LC control number B-067645
020 ## - INTERNATIONAL STANDARD BOOK NUMBER
Terms of availability 100.00
International Standard Book Number 8187396598
035 ## - SYSTEM CONTROL NUMBER
System control number B-067645
037 ## - SOURCE OF ACQUISITION
Source of stock number/acquisition Cen Lib/Ret
040 ## - CATALOGING SOURCE
Original cataloging agency DPL
Language of cataloging HN
082 ## - DEWEY DECIMAL CLASSIFICATION NUMBER
Classification number 821
Item number दुआपृ
100 ## - MAIN ENTRY--PERSONAL NAME
Personal name दुआ, पृथ्वीराज
9 (RLIN) 50147
245 ## - TITLE STATEMENT
Title ठहरी कुछ बूँदें :
Statement of responsibility, etc पृथ्वीराज दुआ
Remainder of title काव्य संगढ़ /
246 ## - VARYING FORM OF TITLE
Title proper/short title Thahri kuch boonden : kavy sangrah /
Remainder of title by Prithviraj Dua
260 ## - PUBLICATION, DISTRIBUTION, ETC. (IMPRINT)
Place of publication, distribution, etc दिल्ली
Name of publisher, distributor, etc अनुभव प्रकाशन
Date of publication, distribution, etc 2002
270 ## - ADDRESS
City दिल्ली
Address बी-७३, दूराजमहल विहार
Postal code 110092
300 ## - PHYSICAL DESCRIPTION
Extent 112पृ.
Dimensions 21सेमी(सजिल्द )
650 ## - SUBJECT ADDED ENTRY--TOPICAL TERM
Topical term or geographic name as entry element हिंदी साहित्य
General subdivision
Geographic subdivision
9 (RLIN) 50148
650 ## - SUBJECT ADDED ENTRY--TOPICAL TERM
Topical term or geographic name as entry element हिंदी काव्य
9 (RLIN) 50149
650 ## - SUBJECT ADDED ENTRY--TOPICAL TERM
Topical term or geographic name as entry element Hindi literature
9 (RLIN) 50150
650 ## - SUBJECT ADDED ENTRY--TOPICAL TERM
Topical term or geographic name as entry element Hindi poetry
9 (RLIN) 50151
942 ## - ADDED ENTRY ELEMENTS (KOHA)
Source of classification or shelving scheme Dewey Decimal Classification
Koha item type Hindi Books
Classification part 821
Call number suffix दुआपृ
Holdings
Withdrawn status Lost status Damaged status Not for loan Home library Current library Date acquired Source of acquisition Cost, normal purchase price Total Checkouts Full call number Barcode Date last seen Copy number Cost, replacement price Price effective from Koha item type
        Central Library Central Library 11/08/2015 Cen Lib/Ret 100.00   821 दुआपृ B-067645 11/08/2015 1 100.00 11/08/2015 Hindi Books

© Delhi Public Library
Hit Counter
free hit counter